000 01292cam a22003494a 4500
999 _c1403
_d1403
001 13081532
003 GZU
005 20201014123335.0
008 030204s2003 nyua d 000 0 eng
010 _a 2003002360
020 _a0972054103 (alk. paper)
040 _aDLC
_cDLC
_dDLC
042 _apcc
_alcac
043 _ad------
050 0 0 _aHC59.72.I5
_bGLO 2003
245 0 0 _aGlobalization and the poor :
_bexploitation or equalizer? /
_cedited by William Driscoll and Julie Clark.
260 _aNew York :
_bInternational Debate Education Association,
_c2003.
300 _a273 p. :
_bill. ;
_c23 cm.
490 1 _aIDEA sourcebooks in contemporary controversies
520 _aPresents articles which address both sides of the debate about whether the global economy harms or helps the poor.
650 0 _aIncome distribution
_zDeveloping countries.
650 0 _aPoor
_zDeveloping countries.
650 0 _aGlobalization.
650 1 _aPoor.
650 1 _aGlobalization.
700 1 _aDriscoll, William,
_d1955-
_eeditor
700 1 _aClark, Julie,
_d1980-
_eeditor
710 2 _aInternational Debate Education Association.
830 0 _aSourcebook on contemporary controversies.
906 _a7
_bcbc
_corignew
_d1
_eecip
_f20
_gy-gencatlg
942 _2lcc
_cBK
_h59.72.I5
_iGLO
_kHC